000 00434cam a2200181ua 4500
001 6028
008 131101n ii |||gr||||Z||||||eng
040 _cMAIN
082 _a909
245 _aWorld Since 1919
_cBy W.C. Langsam
250 _a8th ed.
260 _aDelhi:
_bSurjeet Publication,
_c1981.
300 _axx,685p.
653 _aWorld history
653 _aWorld Since 1919
700 _aLangsam,W.C.,
_eAuthor.
942 _cBK
999 _c5181
_d5181